000 00840nam a22002777a 4500
003 CHAP
005 20220329134808.0
008 971013s1985 r 00010 d
010 _a26062
011 _a27034
035 _a31135
040 _cCHAP
082 _a630.71
_bI5
110 _aInternational Rice Research Institute
_959779
245 _aEducation for agriculture
_b: proceedings
260 _aManila :
_bThe Institute,
_c1985
300 _a200 p.
_b: ilus
590 _aBATCH-UPD
_b10
_c20130110
_lUCH01
_h1926
590 _aBATCH-UPD
_b10
_c20130410
_lUCH01
_h1251
590 _aBATCH-UPD
_b10
_c20130914
_lUCH01
_h1240
590 _aCONVERSION
_b10
_c20130109
_lUCH01
_h1315
650 1 4 _aEducación agrícola.
_935491
901 _aBK
942 _cLIBRO
949 _a630.71 I5
_bBC
_cLIBRO
_d33724000033452
_eLIBRO
_h68645
_i31135
_si
999 _c26062
_d26062